[Event "London Classic op"]
[Site "London ENG"]
[Date "2018.12.14"]
[Round "6.67"]
[White "Atanasov, Anthony"]
[Black "Hill, Alistair"]
[Result "0-1"]
[WhiteElo "1928"]
[BlackElo "2219"]
[PlyCount "118"]
[EventDate "2018.12.09"]
[EventType "swiss"]
[EventRounds "9"]
[EventCountry "ENG"]
[Source "ChessMix"]
[SourceDate "2018.12.20"]

1. d4 Nf6 2. Bf4 c5 3. e3 Qb6 4. Nc3 a6 5. a3 cxd4 6. exd4 d5 7. Be2 Nc6 8. Nf3
Bg4 9. Na4 Qa7 10. c3 e6 11. b4 Ne4 12. Rc1 Bd6 13. Bxd6 Nxd6 14. O-O O-O 15.
Bd3 Bf5 16. Bxf5 Nxf5 17. Qe2 Nd6 18. Nb2 Rac8 19. Nd2 Qb6 20. Nb3 Rfe8 21. Na4
Qa7 22. Qd3 Nb8 23. Nb2 Nd7 24. a4 b6 25. a5 Nc4 26. axb6 Ndxb6 27. Qe2 e5 28.
Qc2 exd4 29. Nxd4 a5 30. Nxc4 Nxc4 31. bxa5 Qxa5 32. h3 Nd6 33. Qd3 g6 34. Rfd1
Qa2 35. Rc2 Qa4 36. Rcc1 Ne4 37. Ra1 Qc4 38. Qxc4 Rxc4 39. Nb5 Rc5 40. Rab1 Rb8
41. Na3 Ra8 42. Nb5 Ra5 43. Nd4 Rxc3 44. Rb8+ Kg7 45. Rb7 Ra6 46. Rb5 Nf6 47.
Rb7 Rca3 48. Kh2 Ra2 49. f3 Nh5 50. Rd7 Nf4 51. Rg1 Rd2 52. Nb3 Rb2 53. Nd4 g5
54. Nf5+ Kf6 55. Ne3 Ke6 56. Rd8 Raa2 57. Re8+ Kd7 58. Rg8 h6 59. h4 d4 0-1

[Event "London Classic op"]
[Site "London ENG"]
[Date "2018.12.15"]
[Round "7.81"]
[White "Hosdurga, Chirag"]
[Black "Atanasov, Anthony"]
[Result "1-0"]
[WhiteElo "1758"]
[BlackElo "1928"]
[PlyCount "157"]
[EventDate "2018.12.09"]
[EventType "swiss"]
[EventRounds "9"]
[EventCountry "ENG"]
[Source "ChessMix"]
[SourceDate "2018.12.20"]

1. d4 Nf6 2. c4 g6 3. Nc3 d5 4. Nf3 Bg7 5. Bg5 Ne4 6. cxd5 Nxc3 7. bxc3 Qxd5 8.
e3 c5 9. Be2 Nc6 10. O-O O-O 11. Qb3 Qxb3 12. axb3 Be6 13. Rab1 Bf5 14. Rbc1
Be6 15. Rb1 cxd4 16. Nxd4 Nxd4 17. cxd4 Bf5 18. Rbc1 f6 19. Bf4 Rac8 20. Bf3 b6
21. b4 e5 22. dxe5 fxe5 23. Bd5+ Kh8 24. Bg5 Bd3 25. Rfd1 e4 26. f3 exf3 27.
gxf3 Bc2 28. Rd2 Bf5 29. Rxc8 Rxc8 30. Ra2 Rc7 31. Bf4 Rd7 32. Bc6 Re7 33. b5
Be6 34. Rd2 Bf6 35. Bh6 Bg8 36. Rd8 Re5 37. Ra8 Rh5 38. Bf4 Rc5 39. Bd6 Rg5+
40. Kf2 h6 41. Ke2 Rg2+ 42. Kd3 Kg7 43. Rxa7+ Kh8 44. Ra8 Kg7 45. Ra7+ Kh8 46.
Rb7 Rg1 47. Ke4 Bh7 48. Rb8+ Kg7 49. Bf8+ Kh8 50. Bxh6+ Bg8 51. Bf4 Kg7 52.
Rb7+ Kh8 53. Rxb6 Ba2 54. Rb8+ Kg7 55. Ra8 Bb3 56. Ra7+ Kh8 57. Kd3 Rd1+ 58.
Ke2 Rb1 59. Rb7 Rb2+ 60. Kd3 Rb1 61. e4 Rd1+ 62. Ke2 Rd8 63. Rd7 Bc4+ 64. Ke3
Rc8 65. Rb7 Rd8 66. Rd7 Rc8 67. e5 Bd8 68. Kd4 Be6 69. Rd6 Bb6+ 70. Kc3 Ba5+
71. Kb2 Bc4 72. e6 Bc3+ 73. Kxc3 Bxb5 74. Rd8+ Rxd8 75. Bxb5 Rc8+ 76. Kd4 Rd8+
77. Ke5 Kg7 78. e7 Rb8 79. e8=Q 1-0

[Event "London Classic op"]
[Site "London ENG"]
[Date "2018.12.15"]
[Round "8.88"]
[White "Atanasov, Anthony"]
[Black "De Lagontrie, Jean"]
[Result "1-0"]
[WhiteElo "1928"]
[BlackElo "1742"]
[PlyCount "79"]
[EventDate "2018.12.09"]
[EventType "swiss"]
[EventRounds "9"]
[EventCountry "ENG"]
[Source "ChessMix"]
[SourceDate "2018.12.20"]

1. d4 d5 2. Bf4 c5 3. e3 Nc6 4. c3 Qb6 5. Qb3 c4 6. Qc2 Nf6 7. Nd2 e6 8. Ngf3
Nh5 9. Bg5 f5 10. Be2 Nf6 11. b3 cxb3 12. axb3 Bd7 13. O-O Rc8 14. h4 Be7 15.
c4 O-O 16. Ne5 Be8 17. Nxc6 bxc6 18. c5 Qc7 19. Bf4 Qd7 20. Nf3 Ng4 21. Bg3 h6
22. Ra4 Bf6 23. Rfa1 Ra8 24. Nh2 Nxh2 25. Kxh2 h5 26. Qa2 f4 27. Bxf4 Bxh4 28.
g3 g5 29. Be5 Rxf2+ 30. Kg1 Bxg3 31. Bxg3 Rf7 32. Be5 g4 33. Qb1 Rf8 34. Qe1
Bg6 35. Qh4 Rf7 36. Qg5 Kh7 37. Bd3 Rf5 38. Bxf5 exf5 39. Qf6 Qf7 40. Rxa7 1-0

[Event "London Classic op"]
[Site "London ENG"]
[Date "2018.12.16"]
[Round "9.76"]
[White "Wei, Naomi"]
[Black "Atanasov, Anthony"]
[Result "0-1"]
[WhiteElo "1812"]
[BlackElo "1928"]
[PlyCount "94"]
[EventDate "2018.12.09"]
[EventType "swiss"]
[EventRounds "9"]
[EventCountry "ENG"]
[Source "ChessMix"]
[SourceDate "2018.12.20"]

1. d4 Nf6 2. c4 g6 3. Nc3 d5 4. cxd5 Nxd5 5. e4 Nxc3 6. bxc3 Bg7 7. Bg5 c5 8.
Rc1 O-O 9. Nf3 Qc7 10. Be2 b6 11. d5 Rd8 12. O-O Nc6 13. Qc2 Na5 14. c4 Nb7 15.
Rfe1 f6 16. Bh4 e5 17. Bd3 Nd6 18. Nd2 Rf8 19. Bg3 Bh6 20. Rcd1 Ba6 21. a4 Rae8
22. Nf3 Bg7 23. Nd2 Bh6 24. Nf3 Bc8 25. h3 Bg7 26. Nd2 f5 27. f3 f4 28. Bf2 g5
29. Rb1 Bd7 30. Qa2 h5 31. Be2 Rf6 32. a5 Rb8 33. Rb3 Rg6 34. axb6 axb6 35. Ra3
g4 36. hxg4 hxg4 37. fxg4 Qc8 38. Ra1 Bxg4 39. Bf1 Qe8 40. Ra8 Rxa8 41. Qxa8
Nc8 42. Ra7 Rh6 43. Rc7 Qh5 44. Rxc8+ Kh7 45. Bh4 Qxh4 46. Nf3 Bxf3 47. gxf3
Qh2# 0-1

[Event "Varennes op"]
[Site "Varennes CAN"]
[Date "2018.10.06"]
[Round "2.16"]
[White "Cazelais, Marc"]
[Black "Atanasov, Anthony"]
[Result "1-0"]
[WhiteElo "2082"]
[BlackElo "2051"]
[PlyCount "97"]
[EventDate "2018.10.05"]
[EventType "swiss"]
[EventRounds "5"]
[EventCountry "CAN"]

1. e4 c5 2. c3 Nf6 3. e5 Nd5 4. d4 cxd4 5. Nf3 Nc6 6. Bc4 Nb6 7. Bb3 d5 8. exd6
Qxd6 9. O-O h6 10. Nxd4 g6 11. Nb5 Qb8 12. Re1 e6 13. g3 g5 14. Qh5 Ne5 15. f4
Nd3 16. Bxe6 Bc5+ 17. Kf1 Bxe6 18. Rxe6+ Kd8 19. Rxh6 Rxh6 20. Qxh6 Nxc1 21.
N1a3 a6 22. Rxc1 axb5 23. Qxg5+ Be7 24. Rd1+ Ke8 25. Qxb5+ Kf8 26. Qxb6 Kg8 27.
Rd7 Bxa3 28. bxa3 Qe8 29. Rd5 Qe4 30. Rg5+ Kh7 31. Qd4 Qh1+ 32. Kf2 Qxh2+ 33.
Kf3 Qh1+ 34. Kg4 Rg8 35. Qd3+ Kh6 36. Qd6+ Kh7 37. Qd3+ Kh6 38. Qd6+ Kh7 39.
Rxg8 Kxg8 40. Qd8+ Kg7 41. Qd4+ Kg8 42. f5 Qg2 43. f6 Qxa2 44. Qe5 Kh7 45. Qf5+
Kg8 46. Kg5 Qd2+ 47. Qf4 Qc2 48. Kh5 Qa2 49. Qg4+ 1-0

[Event "Varennes op"]
[Site "Varennes CAN"]
[Date "2018.10.06"]
[Round "3.18"]
[White "Atanasov, Anthony"]
[Black "Libersan, Thierry"]
[Result "0-1"]
[WhiteElo "2051"]
[BlackElo "2111"]
[PlyCount "122"]
[EventDate "2018.10.05"]
[EventType "swiss"]
[EventRounds "5"]
[EventCountry "CAN"]

1. d4 Nf6 2. Nf3 g6 3. Bf4 Bg7 4. e3 O-O 5. Be2 d6 6. c4 c5 7. Nc3 cxd4 8. exd4
Nc6 9. O-O d5 10. Ne5 Be6 11. Nxc6 bxc6 12. c5 Ne4 13. Be3 Rb8 14. Qc2 f5 15.
f3 Nxc3 16. bxc3 f4 17. Bd2 Bf5 18. Qc1 g5 19. g3 e5 20. dxe5 Bxe5 21. gxf4
gxf4 22. Bxf4 Bxf4 23. Qxf4 Qe7 24. Qg3+ Kh8 25. Qf2 Bh3 26. Qd4+ Rf6 27. Kh1
Bxf1 28. Rxf1 Qg7 29. f4 Rb2 30. Qe5 Rf8 31. Qe3 Rc2 32. Rg1 Qf6 33. Bd3 Rxc3
34. Qh3 Rxd3 35. Qxd3 Qxf4 36. Re1 Qf6 37. Qe3 a5 38. Qe5 Qxe5 39. Rxe5 Rf1+
40. Kg2 Rc1 41. Re8+ Kg7 42. Re7+ Kf6 43. Rxh7 Rxc5 44. Kf3 Ke5 45. Re7+ Kd4
46. Re2 Rc3+ 47. Kg4 Kd3 48. Rg2 Rc2 49. Kf3 Rxg2 50. Kxg2 Ke4 51. Kg3 d4 52.
h4 c5 53. h5 Kf5 54. Kf3 c4 55. a4 d3 56. Ke3 Kg5 57. Kd2 Kxh5 58. Kc3 Kg4 59.
Kxc4 d2 60. Kb5 d1=Q 61. Kxa5 Qb3 0-1

[Event "Varennes op"]
[Site "Varennes CAN"]
[Date "2018.10.07"]
[Round "4.17"]
[White "Tremblay, Alain"]
[Black "Atanasov, Anthony"]
[Result "1-0"]
[WhiteElo "2109"]
[BlackElo "2051"]
[PlyCount "67"]
[EventDate "2018.10.05"]
[EventType "swiss"]
[EventRounds "5"]
[EventCountry "CAN"]

1. c4 Nf6 2. Nf3 g6 3. d4 Bg7 4. Nc3 d5 5. cxd5 Nxd5 6. Bd2 O-O 7. e4 Nxc3 8.
Bxc3 e6 9. Rc1 b6 10. Bb4 Re8 11. Bb5 Bd7 12. Bd3 c5 13. dxc5 Bxb2 14. O-O Nc6
15. Bc3 Bxc1 16. Qxc1 e5 17. Qh6 Qf6 18. Bc4 Be6 19. Bb5 Bd7 20. Rd1 Rad8 21.
Rd6 Re6 22. Ng5 Rxd6 23. Qxh7+ Kf8 24. cxd6 Qg7 25. Qh4 f6 26. Bxc6 fxg5 27.
Qxg5 Rc8 28. Bxe5 Qh7 29. Bxd7 Rc1+ 30. Qxc1 Qxd7 31. Qh6+ Ke8 32. Qh8+ Kf7 33.
Qg7+ Ke6 34. Qf6# 1-0

[Event "Toronto Chess to Remember"]
[Site "Toronto CAN"]
[Date "2018.09.23"]
[Round "1"]
[White "Gusev, Nikita"]
[Black "Atanasov, Anthony"]
[Result "1-0"]
[WhiteElo "2237"]
[BlackElo "2182"]
[PlyCount "91"]
[EventDate "2018.09.23"]
[EventType "swiss (rapid)"]
[EventRounds "5"]
[EventCountry "CAN"]

1. c4 Nf6 2. Nf3 g6 3. b3 Bg7 4. Bb2 O-O 5. g3 d5 6. cxd5 Nxd5 7. Bxg7 Kxg7 8.
Bg2 Nc6 9. d4 Bf5 10. O-O f6 11. Ne1 Bxb1 12. Qxb1 Nc3 13. Qb2 Nb5 14. e3 Nd6
15. Nd3 Qe8 16. Rac1 a5 17. Nc5 Nd8 18. d5 b6 19. Nd3 Ra7 20. e4 e5 21. dxe6
Qxe6 22. Rfe1 N8f7 23. Nf4 Qd7 24. Bh3 Qe7 25. Ne6+ Kg8 26. Nxf8 Kxf8 27. Bg2
Ne5 28. Rcd1 Nef7 29. f4 a4 30. e5 a3 31. exd6 Qxe1+ 32. Rxe1 axb2 33. d7 Rxa2
34. Be4 Ra1 35. Bb1 Nd8 36. Kf2 Kf7 37. Ke3 Ke7 38. Kd2+ Kxd7 39. Kc3 Ra5 40.
Kxb2 Rh5 41. h4 Rd5 42. Be4 Rd2+ 43. Kc3 Rh2 44. f5 Rh3 45. Re3 gxf5 46. Bxf5+
1-0

[Event "CYCC U10"]
[Site "Quebec CAN"]
[Date "2018.07.03"]
[Round "3.108"]
[White "Yan, Alex Jikai"]
[Black "Atanasov, Anthony"]
[Result "0-1"]
[WhiteElo "1482"]
[BlackElo "2066"]
[PlyCount "108"]
[EventDate "2018.07.02"]
[EventType "swiss"]
[EventRounds "7"]
[EventCountry "CAN"]

1. e4 c5 2. Nf3 d6 3. d4 cxd4 4. Nxd4 Nf6 5. Nc3 a6 6. Bd3 Nbd7 7. O-O e6 8.
Be3 Be7 9. f4 b5 10. Nc6 Qc7 11. Nxe7 Kxe7 12. Re1 b4 13. Ne2 Bb7 14. Ng3 Rhd8
15. Qd2 Kf8 16. Qxb4 Nc5 17. e5 Qc6 18. Qd2 dxe5 19. Re2 Nxd3 20. cxd3 exf4 21.
Bxf4 Nd5 22. Rc1 Qb6+ 23. Be3 Nxe3 24. Qxe3 Qxe3+ 25. Rxe3 Rac8 26. Rxc8 Rxc8
27. Kf2 Bd5 28. a3 Rc2+ 29. Re2 Rc1 30. Rd2 Ke7 31. Ne4 f5 32. Ng5 h6 33. Nf3
Kd6 34. d4 g5 35. Ne5 g4 36. b4 Ra1 37. Rc2 Rxa3 38. Nf7+ Ke7 39. Nxh6 Kf6 40.
Rc7 Ra2+ 41. Ke3 Rxg2 42. Ng8+ Kg6 43. Ne7+ Kg5 44. Nxd5 exd5 45. Rc6 f4+ 46.
Kd3 Rxh2 47. Rxa6 g3 48. Ra1 g2 49. Rg1 f3 50. Ke3 Rh1 51. Kf2 Kg4 52. b5 Rxg1
53. Kxg1 Kg3 54. b6 f2# 0-1

[Event "CYCC U10"]
[Site "Quebec CAN"]
[Date "2018.07.03"]
[Round "4.105"]
[White "Atanasov, Anthony"]
[Black "Chandra, Anand Rishi"]
[Result "1-0"]
[WhiteElo "2066"]
[BlackElo "2101"]
[PlyCount "103"]
[EventDate "2018.07.02"]
[EventType "swiss"]
[EventRounds "7"]
[EventCountry "CAN"]

1. d4 Nf6 2. Bf4 g6 3. Nf3 Bg7 4. h3 d6 5. e3 Nbd7 6. Be2 c5 7. c4 b6 8. O-O
O-O 9. Nc3 Bb7 10. d5 h6 11. Bh2 a6 12. a4 Ne8 13. e4 Kh8 14. Nh4 Nb8 15. f4 e5
16. Nf3 Qe7 17. fxe5 dxe5 18. a5 bxa5 19. Rxa5 Nd7 20. Nd2 Nd6 21. Bd3 Qg5 22.
Qe2 Bc8 23. Nb5 Nb7 24. Ra3 a5 25. Bc2 Qd8 26. Raf3 f6 27. Nb1 Nb6 28. N1a3 Nd6
29. Nxd6 Qxd6 30. Nb5 Qd8 31. Bd3 Bd7 32. Qe3 Bxb5 33. cxb5 Rc8 34. Rg3 Kh7 35.
h4 Rc7 36. Qe2 Qd7 37. Rgf3 Rcc8 38. b3 Qc7 39. Bc4 Qa7 40. Ra1 Ra8 41. Bg3 Qe7
42. h5 g5 43. Be1 a4 44. bxa4 Rxa4 45. Rxa4 Nxa4 46. Ra3 Nb6 47. Ra6 Nc8 48.
Bf2 f5 49. exf5 Rf6 50. Qc2 Qc7 51. Rc6 Rxc6 52. f6+ 1-0

[Event "CYCC U10"]
[Site "Quebec CAN"]
[Date "2018.07.04"]
[Round "5.106"]
[White "Li, Adam"]
[Black "Atanasov, Anthony"]
[Result "1/2-1/2"]
[WhiteElo "1388"]
[BlackElo "2066"]
[PlyCount "76"]
[EventDate "2018.07.02"]
[EventType "swiss"]
[EventRounds "7"]
[EventCountry "CAN"]

1. e4 c5 2. Nf3 d6 3. c3 Nf6 4. Bd3 Nc6 5. Bc2 e6 6. d4 cxd4 7. cxd4 Be7 8. Nc3
O-O 9. O-O a6 10. a3 Bd7 11. e5 Ne8 12. Qd3 g6 13. Ne4 dxe5 14. dxe5 f5 15.
exf6 Nxf6 16. Neg5 Qe8 17. Re1 Rd8 18. Qc4 Rc8 19. Qh4 Ne5 20. Nxe5 Rxc2 21.
Ng4 h5 22. Ne3 Rc8 23. Qg3 Nh7 24. Nxh7 Kxh7 25. Nf1 Rc2 26. Nd2 Qd8 27. Nf3 h4
28. Qe5 Rc5 29. Qe3 Rh5 30. b4 Bf6 31. Rb1 h3 32. g4 Rd5 33. Qh6+ Kg8 34. Qxg6+
Kh8 35. Qh6+ Kg8 36. Qg6+ Kh8 37. Qh6+ Kg8 38. Qg6+ Kh8 1/2-1/2

[Event "CYCC U10"]
[Site "Quebec CAN"]
[Date "2018.07.04"]
[Round "6.105"]
[White "Atanasov, Anthony"]
[Black "Zhong, Kevin"]
[Result "0-1"]
[WhiteElo "2066"]
[BlackElo "2072"]
[PlyCount "82"]
[EventDate "2018.07.02"]
[EventType "swiss"]
[EventRounds "7"]
[EventCountry "CAN"]

1. d4 d5 2. Bf4 c5 3. e3 cxd4 4. exd4 Nc6 5. c3 Bf5 6. Qb3 Qd7 7. Nf3 e6 8.
Nbd2 Nge7 9. h4 Ng6 10. Bh2 h5 11. Be2 Be7 12. Bg3 a6 13. Qd1 Bd6 14. Bxd6 Qxd6
15. b4 Nf4 16. g3 Nxe2 17. Qxe2 f6 18. O-O O-O 19. a4 Bg4 20. Qe3 Rae8 21. b5
Ne7 22. Qd3 Nf5 23. bxa6 bxa6 24. Kg2 e5 25. dxe5 fxe5 26. Ng5 e4 27. Ngxe4
dxe4 28. Qc4+ Qe6 29. Qxe6+ Rxe6 30. Rfe1 Rfe8 31. Nf1 Bf3+ 32. Kg1 e3 33. fxe3
Nxe3 34. Nd2 Bc6 35. Rec1 Ng4 36. Rf1 Re3 37. Nf3 Bxf3 38. Rxf3 Rxf3 39. a5 Re2
40. Kh1 Rxg3 41. Ra2 Re1# 0-1

[Event "CYCC U10"]
[Site "Quebec CAN"]
[Date "2018.07.05"]
[Round "7.107"]
[White "Huang, Richard"]
[Black "Atanasov, Anthony"]
[Result "0-1"]
[WhiteElo "1237"]
[BlackElo "2066"]
[PlyCount "154"]
[EventDate "2018.07.02"]
[EventType "swiss"]
[EventRounds "7"]
[EventCountry "CAN"]

1. e4 c5 2. c3 Nf6 3. e5 Nd5 4. d4 cxd4 5. Nf3 Nc6 6. cxd4 d6 7. Bc4 e6 8. O-O
Nb6 9. Bb3 Be7 10. Nc3 d5 11. Bc2 a6 12. a3 Bd7 13. Ne1 Rc8 14. f4 Nxd4 15. Be3
Nxc2 16. Nxc2 Nc4 17. Bc1 Qb6+ 18. Kh1 Nxb2 19. Qd2 Nc4 20. Qd1 Qa5 21. Ne2 Ba4
22. Ned4 Bc5 23. Qg4 Bxc2 24. Nxc2 g6 25. Qf3 Qa4 26. Qe2 Na5 27. Nb4 Bxb4 28.
axb4 Qxa1 29. Bd2 Qb2 30. bxa5 Rc2 31. Rd1 O-O 32. Qd3 Rfc8 33. h3 Kg7 34. Qe3
R8c4 35. f5 exf5 36. Qg5 Rxd2 37. Qxd2 Qxd2 38. Rxd2 Rc5 39. Ra2 d4 40. Rd2
Rxe5 41. Rxd4 Rxa5 42. Kg1 b5 43. Kf1 Ra4 44. Rd2 a5 45. Ke2 b4 46. Kd3 Ra3+
47. Kc4 Ra1 48. Kb3 Re1 49. Rf2 Kf6 50. Rd2 Re3+ 51. Kb2 a4 52. Kb1 a3 53. Ka2
h5 54. Rf2 Rg3 55. Re2 f4 56. Rf2 g5 57. h4 Kf5 58. hxg5 Kxg5 59. Re2 f5 60.
Rf2 Kg4 61. Rd2 h4 62. Re2 f3 63. gxf3+ Rxf3 64. Rg2+ Rg3 65. Rd2 h3 66. Rd8
Rg2+ 67. Kb3 Rb2+ 68. Kc4 a2 69. Ra8 h2 70. Rg8+ Kf4 71. Rh8 a1=Q 72. Rh4+ Kg5
73. Rd4 Rc2+ 74. Kd5 h1=Q+ 75. Ke6 Qxd4 76. Kf7 Rc7+ 77. Ke6 Qc6# 0-1

[Event "Golden Horseshoe op"]
[Site "Mississauga CAN"]
[Date "2018.06.02"]
[Round "1.6"]
[White "Atanasov, Anthony"]
[Black "Li, William"]
[Result "0-1"]
[WhiteElo "1982"]
[BlackElo "2219"]
[PlyCount "86"]
[EventDate "2018.06.02"]
[EventType "swiss"]
[EventRounds "5"]
[EventCountry "CAN"]

1. d4 Nf6 2. Bf4 b6 3. Nf3 Bb7 4. e3 g6 5. c4 Bg7 6. Nc3 O-O 7. Be2 d6 8. h3
Nbd7 9. O-O Re8 10. Qc2 e5 11. dxe5 Nxe5 12. Nxe5 dxe5 13. Rfd1 Qe7 14. Bg3 Nh5
15. Bxh5 gxh5 16. Nd5 Bxd5 17. cxd5 h4 18. Bh2 Red8 19. Qe4 Rf8 20. Qf5 Rad8
21. Rac1 Rd6 22. Rc4 Rfd8 23. e4 c6 24. Qf3 Qd7 25. Re1 cxd5 26. exd5 Rxd5 27.
Rxh4 Rd1 28. Qe2 Qd3 29. Re4 Rxe1+ 30. Qxe1 Qxe4 31. Qc1 Qe2 32. Bg3 Rd1+ 33.
Qxd1 Qxd1+ 34. Kh2 Qd2 35. b4 Qxa2 36. b5 Qc4 37. f4 exf4 38. Bf2 Qe2 39. Bg1
f3 40. Kg3 Be5+ 41. Kg4 f2+ 42. Kf5 f1=Q+ 43. Kg5 Qf6# 0-1

[Event "Golden Horseshoe op"]
[Site "Mississauga CAN"]
[Date "2018.06.02"]
[Round "2.9"]
[White "Casareno, Erwin"]
[Black "Atanasov, Anthony"]
[Result "0-1"]
[WhiteElo "2120"]
[BlackElo "1982"]
[PlyCount "100"]
[EventDate "2018.06.02"]
[EventType "swiss"]
[EventRounds "5"]
[EventCountry "CAN"]

1. e4 c5 2. Nf3 d6 3. d4 cxd4 4. Nxd4 Nf6 5. Nc3 a6 6. Be3 b5 7. f3 e6 8. Qd2
Nbd7 9. a4 b4 10. Na2 d5 11. Nc6 Qc7 12. exd5 Nxd5 13. Ncxb4 Nxe3 14. Qxe3 Bc5
15. Qc3 Qf4 16. g3 Qh6 17. Rd1 O-O 18. Bg2 a5 19. Nc6 e5 20. Nxe5 Qe6 21. f4
Qxa2 22. Bd5 Qxa4 23. Bc6 Qa2 24. Bd5 Qa4 25. Bc6 Qa2 26. Bd5 Qxd5 27. Rxd5 Bb4
28. Rxd7 Bxc3+ 29. bxc3 Bxd7 30. Nxd7 Rfe8+ 31. Kf2 Rac8 32. Ra1 Rxc3 33. Rxa5
Rxc2+ 34. Kf3 Rxh2 35. Rd5 h5 36. Ne5 h4 37. gxh4 Rxh4 38. Rd7 g5 39. Ng4 Kg7
40. fxg5 Kg6 41. Rd5 Rh3+ 42. Kf4 Ra3 43. Rd6+ Kg7 44. Rd5 Rb8 45. Ne5 Rb4+ 46.
Kf5 Raa4 47. Nc6 Rg4 48. Ne7 Rae4 49. g6 Rgf4+ 50. Kg5 f6+ 0-1

[Event "Golden Horseshoe op"]
[Site "Mississauga CAN"]
[Date "2018.06.03"]
[Round "3.8"]
[White "Atanasov, Anthony"]
[Black "Chen, Max"]
[Result "1/2-1/2"]
[WhiteElo "1982"]
[BlackElo "2026"]
[PlyCount "164"]
[EventDate "2018.06.02"]
[EventType "swiss"]
[EventRounds "5"]
[EventCountry "CAN"]

1. d4 Nf6 2. Bf4 g6 3. e3 Bg7 4. h3 O-O 5. Nf3 d5 6. Be2 c5 7. c3 b6 8. Nbd2
Bb7 9. O-O Nc6 10. Ne5 e6 11. a4 Rc8 12. Ndf3 Qe7 13. Nxc6 Bxc6 14. Ne5 Bb7 15.
a5 Nd7 16. Nxd7 Qxd7 17. axb6 axb6 18. Qb3 e5 19. dxe5 Qc6 20. Ra7 Ra8 21. Bb5
Qc8 22. Rfa1 Qe6 23. Rxa8 Bxa8 24. Ra6 Bb7 25. Ra7 Rb8 26. Bf1 Bc8 27. e4 Bb7
28. Qa2 Bxe5 29. Bxe5 Qxe5 30. Qb3 Bc6 31. exd5 Bxd5 32. Qd1 Be6 33. Ra6 Qe4
34. Rxb6 Rxb6 35. Qd8+ Kg7 36. Qxb6 c4 37. Qd4+ Qxd4 38. cxd4 Kf6 39. g3 Bd5
40. Be2 Kf5 41. f3 h5 42. Kf2 h4 43. Bd1 hxg3+ 44. Kxg3 g5 45. Bc2+ Ke6 46. f4
f6 47. h4 gxh4+ 48. Kxh4 Bf3 49. Kg3 Bh1 50. Kf2 Kd5 51. Ke3 Bg2 52. Bf5 Kd6
53. Be4 Bf1 54. Kf2 Bh3 55. Ke2 Be6 56. f5 Bd7 57. Kf3 Ba4 58. Ke2 Bb3 59. Kd2
Kd7 60. Kc3 Kd6 61. Kb4 Ba2 62. Kc3 Bb3 63. Bf3 Ba2 64. Bh5 Ke7 65. Kb4 Kd6 66.
Bf7 c3 67. Bb3 Bb1 68. bxc3 Bxf5 69. c4 Be4 70. Kb5 Kc7 71. d5 f5 72. c5 f4 73.
d6+ Kb7 74. Be6 f3 75. Kc4 f2 76. Bh3 Kc6 77. Kd4 Bf3 78. Bf1 Bg4 79. Bg2+ Kb5
80. c6 f1=Q 81. Bxf1+ Kxc6 82. Ke5 Kd7 1/2-1/2

[Event "Golden Horseshoe op"]
[Site "Mississauga CAN"]
[Date "2018.06.03"]
[Round "4.6"]
[White "Lin, Benjamin"]
[Black "Atanasov, Anthony"]
[Result "0-1"]
[WhiteElo "2093"]
[BlackElo "1982"]
[PlyCount "94"]
[EventDate "2018.06.02"]
[EventType "swiss"]
[EventRounds "5"]
[EventCountry "CAN"]

1. d4 Nf6 2. c4 g6 3. f3 d5 4. cxd5 Nxd5 5. e4 Nb6 6. Nc3 Bg7 7. Be3 O-O 8. Be2
Nc6 9. d5 Na5 10. Bxb6 axb6 11. Rc1 c5 12. f4 Bh6 13. g3 e5 14. fxe5 f5 15. Rc2
fxe4 16. Nxe4 Bf5 17. Bf3 Qe7 18. Re2 Nc4 19. Nf6+ Rxf6 20. exf6 Qxf6 21. d6
Nxd6 22. Qb3+ Kh8 23. Qc3 Qxc3+ 24. bxc3 Bg7 25. Kf2 Bxc3 26. Bd5 Bd3 27. Re6
Bd4+ 28. Kg2 Nc4 29. g4 Rxa2+ 30. Kh3 h5 31. Re8+ Kg7 32. Re7+ Kf8 33. Rf7+ Ke8
34. Nf3 hxg4+ 35. Kxg4 Ne3+ 36. Kh4 Nxd5 37. Rxb7 Be4 38. Rf1 Bf2+ 39. Kg5 Bxf3
40. Rb8+ Kf7 41. Rb7+ Ne7 42. Rxb6 Be3+ 43. Kh4 Nf5+ 44. Kh3 Bg2+ 45. Kg4 Ra4+
46. Rf4 Rxf4+ 47. Kg5 Rh4# 0-1

[Event "Golden Horseshoe op"]
[Site "Mississauga CAN"]
[Date "2018.06.03"]
[Round "5.4"]
[White "Atanasov, Anthony"]
[Black "Profit, Brian"]
[Result "1/2-1/2"]
[WhiteElo "1982"]
[BlackElo "2054"]
[PlyCount "50"]
[EventDate "2018.06.02"]
[EventType "swiss"]
[EventRounds "5"]
[EventCountry "CAN"]

1. d4 Nf6 2. Bf4 c5 3. e3 g6 4. Nf3 Bg7 5. h3 O-O 6. Be2 Qb6 7. Na3 d5 8. O-O
a6 9. Rb1 Nc6 10. c3 Bf5 11. Bd3 Bxd3 12. Qxd3 Rfd8 13. Nc2 Rac8 14. Qe2 Ne4
15. Nd2 Nxd2 16. Qxd2 e5 17. Bg5 f6 18. Bh4 exd4 19. exd4 cxd4 20. Nxd4 Nxd4
21. cxd4 Rc4 22. Rfd1 Re8 23. b3 Rc6 24. Re1 Rce6 25. Rxe6 Rxe6 1/2-1/2

[Event "Reykjavik op"]
[Site "Reykjavik ISL"]
[Date "2018.03.07"]
[Round "2.70"]
[White "Coleman, David"]
[Black "Atanasov, Anthony"]
[Result "0-1"]
[WhiteElo "2107"]
[BlackElo "1767"]
[PlyCount "58"]
[EventDate "2018.03.06"]
[EventType "swiss"]
[EventRounds "9"]
[EventCountry "ISL"]
[Source "ChessMix"]
[SourceDate "2018.03.20"]

1. e4 c5 2. Nf3 d6 3. d4 cxd4 4. Nxd4 Nf6 5. Nc3 a6 6. Bg5 Nbd7 7. Qe2 h6 8.
Bh4 e6 9. O-O-O b5 10. f4 g5 11. fxg5 hxg5 12. Bxg5 Bb7 13. a3 Rc8 14. h4 Rxc3
15. bxc3 Qa5 16. Rh3 Qxa3+ 17. Kb1 Nxe4 18. Rdd3 Ne5 19. c4 Nxd3 20. Rxd3 Nc3+
21. Rxc3 Qxc3 22. Nxe6 Qe5 23. Nc7+ Kd7 24. Qxe5 dxe5 25. Bf6 Rh6 26. Bxe5 Bd6
27. Bxd6 Rxd6 28. Nd5 bxc4 29. Ne3 Re6 0-1

[Event "Reykjavik op"]
[Site "Reykjavik ISL"]
[Date "2018.03.07"]
[Round "3.50"]
[White "Atanasov, Anthony"]
[Black "Ptacnikova, Lenka"]
[Result "0-1"]
[WhiteElo "1767"]
[BlackElo "2200"]
[PlyCount "104"]
[EventDate "2018.03.06"]
[EventType "swiss"]
[EventRounds "9"]
[EventCountry "ISL"]
[Source "ChessMix"]
[SourceDate "2018.03.20"]

1. d4 Nf6 2. Bf4 d5 3. e3 e6 4. c3 c5 5. Nf3 Nc6 6. Nbd2 Bd6 7. Bg3 O-O 8. Bd3
Re8 9. Ne5 Be7 10. h4 Nxe5 11. dxe5 Nd7 12. Nf3 Nf8 13. Qe2 Bd7 14. O-O-O b5
15. Bf4 c4 16. Bc2 a5 17. Kd2 b4 18. h5 a4 19. g4 a3 20. Ke1 b3 21. axb3 cxb3
22. Bd3 axb2 23. Qd2 Qa5 24. g5 Rec8 25. Nd4 Rxc3 26. Ke2 Ba3 27. Rb1 Qb4 28.
g6 fxg6 29. hxg6 hxg6 30. Qd1 Rac8 31. Kf3 Rc1 32. Qxb3 Qxb3 33. Nxb3 Rxh1 34.
Rxh1 Rc3 35. Nd2 Rxd3 36. Nb1 Bb4 37. Ke2 Bb5 38. Kf3 d4 39. Ke4 dxe3 40. Bxe3
Nd7 41. Rg1 Nc5+ 42. Bxc5 Bxc5 43. Re1 Bxf2 44. Rh1 Rd4+ 45. Kf3 Bc6+ 46. Kxf2
Bxh1 47. Kg1 Rd1+ 48. Kh2 Rxb1 49. Kh3 Rg1 50. Kh2 b1=Q 51. Kh3 Qd3+ 52. Kh4
Qg3# 0-1

[Event "Reykjavik op"]
[Site "Reykjavik ISL"]
[Date "2018.03.08"]
[Round "4.62"]
[White "Kveinys, Aloyzas"]
[Black "Atanasov, Anthony"]
[Result "1-0"]
[WhiteElo "2511"]
[BlackElo "1767"]
[PlyCount "75"]
[EventDate "2018.03.06"]
[EventType "swiss"]
[EventRounds "9"]
[EventCountry "ISL"]
[Source "ChessMix"]
[SourceDate "2018.03.20"]

1. Nf3 c5 2. c4 Nf6 3. Nc3 d6 4. d4 cxd4 5. Nxd4 e5 6. Nc2 Be7 7. g3 Nbd7 8.
Bg2 Nb6 9. b3 O-O 10. O-O a6 11. Ne3 Qc7 12. a4 Be6 13. a5 Nbd7 14. Ned5 Nxd5
15. Nxd5 Bxd5 16. Qxd5 Rab8 17. Be3 Rfc8 18. Rfc1 Nc5 19. Rab1 Qc6 20. b4 Ne6
21. Qd3 Qa4 22. Ba7 h5 23. Bxb8 Rxb8 24. Bd5 Nc7 25. Qf3 Nxd5 26. cxd5 h4 27.
Rc7 Qe8 28. Qg4 Bd8 29. Rc8 Rxc8 30. Qxc8 hxg3 31. hxg3 Qe7 32. b5 Qc7 33. Qxc7
Bxc7 34. b6 Bd8 35. Rc1 Kf8 36. Rc7 Bxc7 37. bxc7 Ke7 38. c8=Q 1-0